|
|
|
|
| LEADER |
00000nab a2200000 a 4500 |
| 001 |
vtls000366980 |
| 003 |
SK-MaSNL |
| 005 |
20260303165051.0 |
| 008 |
230120c1989 xo 0 slo |
| 015 |
|
|
|a SNBRB19rr/mm-uuuuu
|
| 035 |
|
|
|a CL0367102
|
| 035 |
|
|
|a urn:nbn:sk:snk-ab1vey
|
| 035 |
|
|
|a (urnnbn)urn:nbn:sk:snk:ar-a011k0
|
| 035 |
|
|
|a (uuid)2a95154b-e524-47cd-868c-745da18cbcce
|
| 040 |
|
|
|a SNKBUCL
|b slo
|c SNKBUCL
|e AACR2
|
| 041 |
0 |
|
|a slo
|
| 044 |
|
|
|a xo
|c SK
|
| 080 |
|
|
|a 78.078
|2 1981
|
| 080 |
|
|
|a 82
|2 1981
|
| 080 |
|
|
|a 929
|2 1981
|
| 080 |
|
|
|a 840
|2 1981
|
| 080 |
|
|
|a 929 Cocteau, Jean
|2 1981
|
| 245 |
0 |
0 |
|a Jean Cocteau 1889-1963
|
| 300 |
|
|
|b Obr. 7.
|
| 600 |
1 |
7 |
|a Cocteau, Jean,
|d 1889-1963
|2 snkbucl
|9 222479
|
| 650 |
0 |
7 |
|a umenie
|2 snkbucl
|9 1060
|
| 655 |
|
7 |
|a články z novín a časopisov
|2 snkbucl
|9 267496
|
| 773 |
0 |
|
|t Hudobný život
|g Roč. 21, č. 25 (1989), s. 10-11
|
| 850 |
|
|
|a Slovenská národná knižnica v Martine
|a MTA001
|
| 852 |
|
|
|a SNK
|b KIS3GCP
|
| 954 |
|
|
|a odborná, vedecká literatúra pôvodná (slovenská)
|2 lita
|
| 958 |
|
|
|a OND
|
| 958 |
|
|
|a RK
|
| 958 |
|
|
|a EUIPO
|
| 958 |
|
|
|a article27
|
| 992 |
|
|
|a RBX
|
| 999 |
|
|
|c 2069609
|d 2071539
|